000 00465pab a2200169 454500
008 180718b2015 xxu||||| |||| 00| 0 eng d
100 _aBuragohain, Tarujyoti,
245 _aStrategy of food security through, stocks and public distribution
260 _c2015
300 _ap.93-114.
362 _aJul
650 _aPublic distribution system
650 _aFood supply
700 _aSharma, Amit
773 _aIndian Journal of Economics
909 _a110686
999 _c110681
_d110681